000 00751nam a22001937a 4500
003 OSt
005 20260119070954.0
008 260119b |||||||| |||| 00| 0 eng d
020 _a0-87318-206-5.
040 _aDWCL-Main lib.
_cOC
082 _aCirc. 616.89 In61 1994
110 _aCommittee on Psychiatry in Industry, Group for the Advancement of Psychiatry
245 _aIntroduction to occupational psychiatry/
_cCommittee on Psychiatry in Industry, Group for the Advancement of Psychiatry
260 _aWashington, D. C. :
_b American Psychiatric Press, Inc.,
_cc1994.
300 _axiv, 91 p. ;
_c 23 cm.
504 _aIncludes bibliographical references and index.
650 _aIndustrial psychiatry.
942 _2ddc
_cBK-CIRC
_hCirc.
_n0
999 _c7547
_d7547